Methane production from fermentation of winery waste (Record no. 45599)

MARC details
000 -LEADER
fixed length control field 00354nam a2200145Ia 4500
100 ## - MAIN ENTRY--AUTHOR NAME
Personal name Lo K V
245 #0 - TITLE STATEMENT
Title Methane production from fermentation of winery waste
260 ## - PUBLICATION, DISTRIBUTION, ETC. (IMPRINT)
Name of publisher Biomass
Year of publication 1986
300 ## - PHYSICAL DESCRIPTION
Number of Pages 19-27
650 ## - SUBJECT ADDED ENTRY--TOPICAL TERM
Topical Term Fermentation
650 ## - SUBJECT ADDED ENTRY--TOPICAL TERM
Topical Term Winery waste
700 ## - ADDED ENTRY--PERSONAL NAME
Personal name Liao P H
942 ## - ADDED ENTRY ELEMENTS (KOHA)
Koha item type Reprints
Holdings
Withdrawn status Lost status Damaged status Not for loan Home library Current library Shelving location Date acquired Serial Enumeration / chronology Accession Number Koha item type
      Reprints RRII Library RRII Library Rubber technology 22/12/2021 Volume 9, Issue P01119 Reprints